Koncertná sieň Plzenskej filharmónie, Plzeň - interiér

Na minha lista:
Detalhes bibliográficos
Autor principal: Maťovčíková, Martina, 1986- (Author)
Outros Autores: Daniel, Peter, 1968- (Thesis advisor)
Formato: Manuscrito Livro
Idioma:eslovaco
Publicado em: Bratislava : STU v Bratislave FA, 2011
Assuntos:
Acesso em linha:VAIS
Tags: Adicionar Tag
Sem tags, seja o primeiro a adicionar uma tag!

MARC

LEADER 00000ntm a22000003a 4500
001 stu229151
005 20210628095259.7
008 110705s2011----xo------------------slo-d
040 |a STU  |b slo 
041 0 |a slo 
044 |a xo 
100 1 |a Maťovčíková, Martina,  |d 1986-  |4 aut  |u A  |T FAD Fakulta architektúry  |X 27709  |U A  |Y 50  |7 A000027709 
242 0 0 |a Plzen Philharmony  |y eng 
245 1 |a Koncertná sieň Plzenskej filharmónie, Plzeň - interiér 
260 |a Bratislava :  |b STU v Bratislave FA,  |c 2011 
650 7 |a architektúra  |2 stusub 
650 7 |a architecture  |2 estusub 
650 7 |a filharmónia  |2 stusub 
650 7 |a Plzeň  |2 stusub 
700 1 |a Daniel, Peter,  |d 1968-  |4 ths  |u A5150  |U FAD Fakulta architektúry  |U FAD Fakulta architektúry  |T FA Ústav interiéru a výstavníctva  |X 388  |U A5150  |Y 396  |7 A000000388 
856 4 |a info a plný text  |u http://is.stuba.sk/zp/portal_zp.pl?podrobnosti=72754  |u https://opac.crzp.sk/?fn=detailBiblioForm&sid=FB3FA775908569BA0B3CC3F1CA6C  |3 VAIS